Online Catalogue and eLibrary

Hermeneutics and the Human Sciences: (Record no. 1604)

MARC details
000 -LEADER
fixed length control field 00565nam a2200181Ia 4500
005 - DATE AND TIME OF LATEST TRANSACTION
control field 20250117041022.0
008 - FIXED-LENGTH DATA ELEMENTS--GENERAL INFORMATION
fixed length control field 240331s9999 xx 000 0 und d
020 ## - INTERNATIONAL STANDARD BOOK NUMBER
ISBN 0521280028
082 ## - DDC Classification
Item Number - Author Mark PAU
DDC Edition Number 2275
Class No. 305.3
100 ## - MAIN ENTRY--PERSONAL NAME
Personal name Ricoeur, P
245 #0 - TITLE STATEMENT
Title Hermeneutics and the Human Sciences:
Remainder of title Essays on language, action and interpretation
260 ## - PUBLICATION, DISTRIBUTION, ETC.
Place of publication, distribution, etc. Cambridge
Name of publisher, distributor, etc. Cambridge University Press
Date of publication, distribution, etc. 1981
260 ## - PUBLICATION, DISTRIBUTION, ETC.
Place of publication, distribution, etc. Paris
Name of publisher, distributor, etc. Editions de la Maison des Sciences de l'Homme
Date of publication, distribution, etc. 1981
300 ## - PHYSICAL DESCRIPTION
Extent (e.g. Volumes, Pages etc.) viii, 315 p.,
650 ## - SUBJECT ADDED ENTRY--TOPICAL TERM
Topical term or geographic name entry element Social Science
650 ## - SUBJECT ADDED ENTRY--TOPICAL TERM
Topical term or geographic name entry element Hermeneutics
942 ## - Koha item type (Biblio)
Koha item type Books in Stacks (Lending)
Holdings
Lost status Damaged status Collection code Home library Current library Shelving location Date acquired Full call number Accession Number Item type
    Lending WERC Library WERC Library Social Science Cupboard 03/31/2024 305.3 RIC 2275 Books in Stacks (Lending)

© WERC Library